1691 1361 1490 1638 1729 1557 1897 1774 1866 1117 1883 1646 1428 1143 1292 1600 1692 1214 1793 1483 1465 1008 1076 1953 1057 1038 1243 1136 1499 1657 1108 1775 1218 1983 1841 1533 1505 1667 1323 1524 1690 1321 1247 1604 1738 1538 1519 1646 1301 1748 1093 1448 1822 1180 1735 1527 1266 1357 1305 1260 1222 1889 1110 1478 1163 1553 1507 1856 1115 1474 1740 1274 1849 1521 1592 1196 1580 1556 1620 1102 1260 1039 1656 1095 1932 1621 1569 1679 1526 1572 1981 1933 1853 1251 1523 1255 1007 1549 1190 BCNSPRNW ULIB Ver.6.0+V

เปลี่ยนเป็นภาษาไทย

Change to English
 แสดงรายละเอียดบรรณานุกรม
  กลับหน้าหลัก

Brief Record : Get Marc (ISO 2709) : E-mail record : QR code < ปิดหน้าต่าง
LEADER : 00000nam 2200000uu 4500
001    13399121930
003     ULIB
008    121214s2547||||th 000 0 tha d
020    ^a9740500234
060  4 ^aWM150^bส271ต 2547
100 0  ^aสมภพ เรืองตระกูล
245 10 ^aตำราจิตเวชผู้สูงอายุ /^cสมภพ เรืองตระกูล
250    ^aพิมพ์ครั้งที่ 1
260    ^aกรุงเทพฯ :^bโรงพิมพ์เรือนแก้วการพิมพ์,^c2547
300    ^a371 หน้า ;^c21 ซม
440  0 ^aตำราจิตเวชสำหรับแพทย์เวชศาสตร์ครอบครัว ;^vชุดที่ 7
500    ^aดัชนี
504    ^aเอกสารอ้างอิงท้ายบท
650  2 ^aGeriatric Psychiatry
710 2  ^aมหาวิทยาลัยมหิดล.^bคณะแพทยศาสตร์ศิริราชพยาบาล
945    ^p350^l0^i15109
945    ^p350^l0^i13921
945    ^p350^l0^i13922
995    ^aทศพร
999    ^aทศพร เกษรทอง
รายการนี้ยังไม่มีแท็ก
คุณยังไม่ได้ล็อกอิน คุณสามารถมีกิจกรรมร่วมกับเว็บไซต์ได้ แต่ต้องล็อกอินก่อน ::
  ล็อกอิน

รายการสื่อสารสนเทศ

ลำดับที่ ประเภท เลขเรียก/บาร์โค้ด สถานที่ สถานะ
1. วิทยาศาสตร์การแพทย์ และสุขภาพ
วิทยาศาสตร์การแพทย์ และสุขภาพ
WM150 ส271ต 2547 ฉ.1 
  Barcode: 15109
ห้องสมุดวิทยาเขตสวรรค์ประชารักษ์
►หนังสือทั่วไป
บนชั้น
2. วิทยาศาสตร์การแพทย์ และสุขภาพ
วิทยาศาสตร์การแพทย์ และสุขภาพ
WM150 ส271ต 2547 ฉ.2 
  Barcode: 13921
ห้องสมุดวิทยาเขตสวรรค์ประชารักษ์
►หนังสือทั่วไป
บนชั้น
3. วิทยาศาสตร์การแพทย์ และสุขภาพ
วิทยาศาสตร์การแพทย์ และสุขภาพ
WM150 ส271ต 2547 ฉ.3 
  Barcode: 13922
ห้องสมุดวิทยาเขตสวรรค์ประชารักษ์
►หนังสือทั่วไป
บนชั้น

รายการใกล้เคียง
    ผู้แต่ง [สมภพ เรืองตระกูล]

BibComment


ยังไม่เคยถูกคอมเมนท์

คอมเมนท์ทรัพยากรรายการนี้
  คอมเมนท์: ตำราจิตเวชผู้สูง..


 Copyright 2026. Bcnsprnw @Library